000 01358nam a22003377a 4500
003 EG-GICUC
005 20260314101542.0
008 251124s1972 ua a|||fr|||| 000 0 ara d
040 _a EG-GICUC
_bara
_c EG-GICUC
_d EG-GICUC
_erda
041 0 _aara
082 0 4 _221
_a345.2
_bم ح . ب
092 0 4 _221
099 _aLaw1 07 345.2 م ح . ب 1972
100 0 _aمحمد عفيفي حمودة
_eمترجم.
245 1 0 _aبعض الأساليب الفنية للتدريب والتنمية الإدارية /
_c ترجمة د. محمد عفيفي حمودة.
264 1 _aالقاهرة :
_b،جامعة الدول العربية-المنظمة العربية للعلوم الإدارية، مركز البحوث الإدارية
_c1972.
300 _a123 : صفحة
_bجداول ؛
_c24 سم.
336 _2rda content
_atext
337 _2rda media
_aComputer
338 _2rda carrier
_aOnline Resource
490 _3124
504 _aيشتمل على إرجاعات ببليوجرافية
546 _aالنص باللغة العربية
650 1 7 _aالتدريب المهني
_2qrmak
650 1 7 _aالتنمية الإدارية
_2qrmak
650 1 7 _aالقانون الإداري
_2qrmak
651 1 _2qrmak
856 4 0 _uhttps://fll.law.cu.edu.eg/fulltext/bks/B07-00194.pdf
905 _a73
_eYara
942 _2ddc
_cBK
_e21
_n0
999 _c45775
_d45775